000 00335nam a2200133Ia 4500
008 240624s9999 xx 000 0 und d
041 _aeng
082 _a658.83 MAJ
100 _aMAJUMDAR RAMANUJ
245 _aMARKETING STRATEGIES
260 _c1996
_aNew Delhi
_bAllied Publisher
300 _axiv, : 221 : p. : cm. ; 25
365 _cRS
999 _c3124
_d3124